000 00343nam a2200121Ia 4500
005 20260326100043.0
008 260326s9999||||xx |||||||||||||| ||und||
100 _aBarbero Sarzabal, Hernán
245 0 _aInternacional Casas :
_b Dinamarca /
_cHernán Barbero Sarzabal
260 _bKliczkowski
650 _aARQUITECTURA RESIDENCIAL
942 _cBK
999 _c7099
_d7099